[Event "HCL-C153"]
[Site "www.playchess.de"]
[Date "2001.03.19"]
[Round "26"]
[White "Jelleyman"]
[Black "guerino"]
[WhiteElo "557"]
[BlackElo "1067"]
[PlyCount "46"]
[Result "0-1"]

1.Nf3 d5 2.d4 Nf6 3.e3 Bg4 4.Ne5 Bxd1 5.Kxd1 e6 
6.Bb5+ c6 7.Ba4 Nbd7 8.Nf3 Bb4 9.Bd2 Bd6 10.h4 Ne4 
11.Be1 O-O 12.Ng5 Nxg5 13.hxg5 Qxg5 14.g4 Qxg4+ 
15.Kd2 Nf6 16.f3 Qg2+ 17.Bf2 Qxh1 18.e4 Bf4+ 
19.Be3 Qg2+ 20.Kc3 Bxe3 21.Na3 Qd2+ 22.Kb3 a5 
23.Rh1 Qb4+ 0-1

[Event "HCL-C158"]
[Site "www.playchess.de"]
[Date "2001.03.19"]
[Round "3"]
[White "weebs"]
[Black "Elrond"]
[WhiteElo "1000"]
[BlackElo "1000"]
[PlyCount "30"]
[Result "0-1"]

1.d4 Nf6 2.Bg5 Ne4 3.Bh4 d5 4.f3 Nf6 5.Nc3 Bf5 
6.g4 Bg6 7.Qd2 e6 8.a3 Be7 9.O-O-O a6 10.e3 c5 
11.dxc5 Bxc5 12.Bd3 Nc6 13.Nge2 b5 14.Bxg6 hxg6 
15.Bxf6 Qxf6 0-1

[Event "ACL-A084"]
[Site "www.playchess.de"]
[Date "2001.03.19"]
[Round "11"]
[White "iq160"]
[Black "man"]
[WhiteElo "1676"]
[BlackElo "1500"]
[PlyCount "39"]
[Result "1-0"]

1.e4 e5 2.Nf3 Nc6 3.Bb5 Bc5 {:)  I heard you 
talked to my teamate about us.   LoL, hey, stud is 
on our team too}  4.c3 {i just was curious}  Nge7 
{Hey, dont worry about it, we all had a good 
chuckle after school today}  5.O-O a6 6.Ba4 O-O 
7.d4 exd4 8.cxd4 Bb6 9.d5 Na7 {heard you went off 
on one of my teamates, why, he never said anything 
mean, he was trying to be nice}  10.d6 {he was so 
nice to resign after 8 moves without reason. Sorry 
for that. Read the help-section}  Nec6 {he said 
you were up two pawns, develpement, and 
position!!! Why not resign, he said you outplayd 
him}  11.Nc3 {before 10 moves the game is not 
rated and the one who resigns loses a GP-points}  
Ba5 12.Bb3 {I'm gonna have a break for a couple of 
days, so long.}  Bxc3 13.bxc3 Nb5 14.e5 Nxc3 
15.Qd3 Nb5 16.a4 Nba7 17.dxc7 Qxc7 18.Ba3 Re8 
19.Bxf7+ Kxf7 20.Ng5+ {I fear that this will be 
checkmate in the next move}  1-0

[Event "HCL-C161"]
[Site "www.playchess.de"]
[Date "2001.03.19"]
[Round "20"]
[White "guerino"]
[Black "Hefley"]
[WhiteElo "1067"]
[BlackElo "1000"]
[PlyCount "45"]
[Result "1-0"]

1.e4 e5 2.Nf3 Nc6 3.Bb5 Bc5 4.c3 Nge7 5.d4 exd4 
6.cxd4 Bb4+ 7.Bd2 Bxd2+ 8.Qxd2 Ng6 9.O-O O-O 
10.Nc3 a6 11.Ba4 b5 12.Bb3 Bb7 13.Rad1 Re8 14.Ng5 
Rf8 15.f4 Na5 16.Bc2 Nc4 17.Qc1 h6 18.Nf3 Re8 
19.b3 Nb6 20.f5 Ne7 21.Ne2 Nc6 22.Qf4 d6 
23.Ng3 1-0

[Event "HCL-B153"]
[Site "www.playchess.de"]
[Date "2001.03.19"]
[Round "1"]
[White "Scorpio"]
[Black "sonali"]
[WhiteElo "1229"]
[BlackElo "1500"]
[PlyCount "28"]
[Result "0-1"]

1.e4 e5 2.Nf3 Nc6 3.Bc4 Nf6 4.Nc3 Bd6 5.O-O O-O 
6.d4 exd4 7.Nxd4 Re8 8.Bg5 h6 9.Bxf6 Qxf6 10.Nd5 
Qd8 11.Re1 Nxd4 12.Qxd4 c6 13.Ne3 Qh4 14.Nf5 
Qxh2+ 0-1

[Event "CCL-E009"]
[Site "www.playchess.de"]
[Date "2001.03.19"]
[Round "11"]
[White "G9_us"]
[Black "Jadamoves"]
[WhiteElo "2000"]
[BlackElo "2000"]
[PlyCount "63"]
[Result "1/2-1/2"]

1.e4 c5 2.d4 cxd4 3.Qxd4 {Hi there jada GL. What 
prog and what hardware do you use?}  Nc6 4.Qa4 {I 
use Gandalf_432g on Athlon t-Bird 1.2 ghz 512 ram} 
 Nf6 {I use Gambit Tiger 1.0 on Pentium III 866}  
5.Nf3 d5 6.exd5 Nxd5 7.Bb5 Bd7 8.O-O a6 9.Be2 
{Gandalf_432g says +0.11 and GT?}  e6 10.c4 Nf6 
11.Qb3 Qc7 12.Be3 Bd6 {GT says +0.16? I say that 
Gandalf is correct and GT is wrong !!!}  13.Bb6 
Qb8 14.Nc3 O-O 15.h3 Rc8 16.Rad1 Ne7 17.Rfe1 Bc6 
18.Nd4 Be8 19.Bf3 Nc6 20.Ne4 Be7 21.Nxf6+ Bxf6 
22.Qe3 Ne5 23.b3 Bd8 24.Bxd8 Nxf3+ 25.Nxf3 Rxd8 
26.Qb6 Rc8 27.Rd2 Qc7 28.Qxc7 Rxc7 29.a4 b5 
30.axb5 axb5 31.cxb5 Bxb5 32.Nd4 1/2-1/2

[Event "HCL-B155"]
[Site "www.playchess.de"]
[Date "2001.03.19"]
[Round "8"]
[White "awadd"]
[Black "Gruhni"]
[WhiteElo "1200"]
[BlackElo "1376"]
[PlyCount "52"]
[Result "0-1"]

1.d4 e6 2.e4 d5 3.a3 dxe4 4.Nc3 Nc6 5.Be3 Nf6 
6.Be2 Nd5 7.Nxe4 Nxe3 8.fxe3 Be7 9.Nf3 O-O 10.O-O 
b6 11.c4 Bb7 12.Qd3 f5 13.Nc3 Bf6 14.e4 g6 15.e5 
Bg5 16.Nxg5 Qxg5 17.Qf3 Na5 18.d5 Nb3 19.Rad1 Nd2 
20.Qf4 Qxf4 21.Rxf4 Ne4 22.Nxe4 fxe4 23.Rxe4 exd5 
24.cxd5 Rad8 25.Bc4 Rf5 26.d6+ 
Kf8 0-1

[Event "ACL-A088"]
[Site "www.playchess.de"]
[Date "2001.03.19"]
[Round "15"]
[White "class58"]
[Black "roofus"]
[WhiteElo "1337"]
[BlackElo "1500"]
[PlyCount "65"]
[Result "1-0"]

1.e4 {gl}  e5 2.f4 Nc6 {hello,how are you?}  3.Bc4 
Nf6 4.d3 Bb4+ 5.Bd2 d5 6.exd5 Nxd5 7.c3 Qe7 8.Bxd5 
exf4+ 9.Qe2 Bg4 10.Qxe7+ Bxe7 11.Bxf4 Rd8 12.Bxc6+ 
bxc6 13.h3 Bh4+ 14.g3 Bf5 15.gxh4 O-O 16.d4 Rfe8+ 
17.Kf2 Be4 18.Nf3 h6 19.Nbd2 c5 20.dxc5 Rd3 
21.Nxe4 Rxe4 22.Bxc7 Rd7 23.Bd6 Rb7 24.b3 a5 
25.Rae1 Rxe1 26.Rxe1 a4 27.b4 f6 28.Re8+ Kf7 
29.Rf8+ Kg6 30.c6 Rb6 31.c7 Rc6 32.c8Q {%}  Rxc8 
33.Rxc8 1-0

[Event "HCL-E023"]
[Site "www.playchess.de"]
[Date "2001.03.19"]
[Round "2"]
[White "Chris"]
[Black "houtduwer"]
[WhiteElo "2117"]
[BlackElo "1987"]
[PlyCount "49"]
[Result "1-0"]

1.d4 Nf6 2.c4 e5 3.dxe5 Ne4 4.Nf3 Bb4+ 5.Nbd2 Nc6 
6.a3 Nxd2 7.Bxd2 Bxd2+ 8.Qxd2 Qe7 9.Qc3 b6 10.e3 
Bb7 11.Be2 O-O-O 12.O-O-O Rde8 13.Rd5 Nd8 14.Rd2 
Nc6 15.Rhd1 h5 16.R2xd7 Qxd7 17.Rxd7 Kxd7 18.e6+ 
Kxe6 19.Qxg7 Ref8 20.Ng5+ Ke7 21.Ne4 Rfg8 22.Qf6+ 
Ke8 23.Bf3 Rg6 24.Qf4 Nd8 25.Qe5+ 1-0

[Event "HCL-B162"]
[Site "www.playchess.de"]
[Date "2001.03.19"]
[Round "7"]
[White "Jeff_Foster"]
[Black "orange"]
[WhiteElo "1333"]
[BlackElo "1029"]
[PlyCount "46"]
[Result "0-1"]

1.d4 d5 {hello}  2.c4 {hi, good luck}  e6 
{thanks.}  3.Nc3 Nf6 4.Bg5 c6 5.e3 Nbd7 6.Nf3 Bb4 
7.Qc2 Qa5 8.Nd2 O-O 9.Bd3 dxc4 10.Bxc4 Qxg5 11.O-O 
{Complete Blindness - didn't even see the piece 
was attacked! :)}  Qa5 {dont worry happens to me 
all the time.}  12.a3 Bxc3 13.bxc3 Qc7 {maybe i 
should have kept the black square bishop...}  
14.f3 {I was thinking much the same about my 
bishop :)}  Nd5 {i was hoping with the comment 
about my lost bishop you would have not noticed my 
k moving to g4.}  15.Rae1 {lol, using mind games? 
:)}  Qa5 {da-ja-vu been here before}  16.Nb1 {Draw 
by repetition then? :)}  e5 {who is playing mind 
games now? no draw sorry. i am loosing to pird and 
iq160, i need the points.}  17.Bd3 {lol, it was 
worth a try :)}  N5f6 {i would offer a draw if i 
was in your position :-)}  18.f4 {Things aren't 
looking too hot are they :)}  exd4 {my game with 
hamberger could also be a loss for me so I will 
put all my efort into defeating you.}  19.exd4 Qc7 
{maybe my games against hamberger has improved.}  
20.Nd2 c5 21.dxc5 Qxc5+ 22.Kh1 Qxa3 23.Re3 Nc5 
{good weekend?}  0-1

[Event "HCL-B165"]
[Site "www.playchess.de"]
[Date "2001.03.19"]
[Round "2"]
[White "Bauernopfer"]
[Black "sonnygarcia"]
[WhiteElo "1320"]
[BlackElo "1141"]
[PlyCount "85"]
[Result "1-0"]

1.e4 e6 2.Nf3 d5 3.exd5 exd5 4.d4 Nf6 5.Nc3 Bg4 
6.h3 Bh5 7.Bg5 Bb4 8.Qd3 Qd6 9.a3 Bxc3+ 10.Qxc3 
Ne4 11.Qe3 Bxf3 12.gxf3 f6 13.Bf4 Qb6 14.O-O-O Qe6 
15.fxe4 c6 16.exd5 Qxe3+ 17.fxe3 cxd5 18.c3 Nc6 
19.Bb5 O-O 20.Bxc6 bxc6 21.Rhg1 Rfe8 22.h4 Kf7 
23.Rg3 h6 24.Rdg1 g5 25.hxg5 hxg5 26.Bd6 Rad8 
27.Bc5 a6 28.Kd2 Re4 29.Rf1 Kg6 30.Rgf3 Re6 31.b4 
Rde8 32.a4 g4 33.Rg3 f5 34.Bb6 Kg5 35.Bc7 R6e4 
36.Bf4+ Kf6 37.Be5+ Kg5 38.Kd3 Ra8 39.a5 Ra7 
40.Rh1 Rf7 41.Bf4+ Kg6 42.Rh6+ Kg7 
43.Rxc6 1-0

[Event "HCL-C173"]
[Site "www.playchess.de"]
[Date "2001.03.19"]
[Round "4"]
[White "hun"]
[Black "tomthebomb"]
[WhiteElo "1807"]
[BlackElo "1000"]
[PlyCount "21"]
[Result "1-0"]

1.e4 {Hallo, Tom!  :)}  e5 2.Nf3 Nf6 {§:o)  elvis 
presley}  3.d3 {  ;))}  Nc6 4.Be2 d5 5.exd5 Nxd5 
6.O-O Be6 7.c4 Nf4 8.Bxf4 exf4 9.Qb3 b6 
{tomthebomb}  10.Nc3 Bd6 {from which part of 
austria are you?}  11.Ne4 {from Wien ( Vienna) and 
you?}  1-0

[Event "HCL-B170"]
[Site "www.playchess.de"]
[Date "2001.03.19"]
[Round "8"]
[White "warlock"]
[Black "peizoriat"]
[WhiteElo "2001"]
[BlackElo "1200"]
[PlyCount "59"]
[Result "1-0"]

1.d4 Nc6 2.Nf3 e6 3.c4 Nf6 4.Nc3 d5 5.Bg5 Be7 
6.cxd5 Nxd5 7.Bxe7 Ncxe7 8.Nxd5 Nxd5 9.e4 Nb4 
10.Qa4+ Nc6 11.Bb5 O-O 12.Bxc6 bxc6 13.Qxc6 Rb8 
14.Qc3 Ba6 15.Rc1 Qd6 16.b3 Qb4 17.Qxb4 Bb7 18.Qc3 
{but why dont you take my queen}  Rbd8 19.O-O Ba6 
20.Rfe1 c5 21.Qxc5 Rdc8 22.Qxa7 Rca8 23.Qc7 h6 
24.Ne5 f6 25.Ng6 Rfc8 26.Ne7+ Kh7 27.Nxc8 Bxc8 
28.Qxc8 Rxc8 29.Rxc8 e5 30.d5 1-0

[Event "HCL-B174"]
[Site "www.playchess.de"]
[Date "2001.03.19"]
[Round "9"]
[White "Gruhni"]
[Black "Jozef_De_Meye"]
[WhiteElo "1350"]
[BlackElo "1552"]
[PlyCount "50"]
[Result "0-1"]

1.e4 e5 2.Bc4 Nf6 3.Nf3 Nc6 4.d3 Bc5 5.Nc3 d6 
6.Bg5 Bg4 7.Nd5 Nd4 8.Bxf6 gxf6 9.Ne3 Nxf3+ 
10.gxf3 Be6 11.Qd2 Qd7 12.O-O-O b5 13.Bxe6 Qxe6 
14.Nd5 Kd7 15.a3 a5 16.c4 bxc4 17.dxc4 c6 18.Ne3 
Bxe3 19.fxe3 Qxc4+ 20.Kb1 Qc5 21.b4 axb4 22.axb4 
Rhb8 23.Qc2 Rxb4+ 24.Kc1 Qxe3+ 25.Qd2 
Rc4+ 0-1

[Event "HCL-B172"]
[Site "www.playchess.de"]
[Date "2001.03.19"]
[Round "2"]
[White "jalal"]
[Black "victor"]
[WhiteElo "1500"]
[BlackElo "1567"]
[PlyCount "47"]
[Result "1-0"]

1.Nc3 e5 2.e3 d5 3.d4 exd4 4.exd4 Bb4 5.Bd3 Nf6 
6.Nge2 c5 7.O-O O-O 8.dxc5 Bxc5 9.Bg5 Qd6 10.Nb5 
Qb6 11.Nf4 Nbd7 12.a4 a6 13.a5 Qc6 14.Nc3 d4 
15.Nb1 Ne4 16.Bh4 Ndf6 17.f3 Nd6 18.Bxf6 gxf6 
19.Nh5 Nf5 20.Qe1 Ne3 21.Qg3+ Ng4 22.fxg4 Kh8 
23.Nxf6 Bd6 24.Qh4 1-0

[Event "HCL-B175"]
[Site "www.playchess.de"]
[Date "2001.03.19"]
[Round "5"]
[White "KarlKoch"]
[Black "Gruhni"]
[WhiteElo "1342"]
[BlackElo "1364"]
[PlyCount "55"]
[Result "1/2-1/2"]

1.e4 e5 2.Nf3 Nc6 3.Bb5 a6 4.Ba4 d6 5.h3 Nf6 6.Nc3 
Bd7 7.O-O Be7 8.d4 O-O 9.a3 b5 10.Bb3 exd4 11.Nxd4 
Nxd4 12.Qxd4 c5 13.Qe3 c4 14.Ba2 Bc6 15.b3 cxb3 
16.Bxb3 Nd7 17.Bb2 Nc5 18.Bd5 Bxd5 19.Nxd5 Nd7 
20.Qg3 Bf6 21.Nxf6+ Nxf6 22.Rad1 Nh5 23.Qg4 g6 
24.f4 Qe7 25.f5 Rad8 26.fxg6 fxg6 27.Rxf8+ Rxf8 
28.Qe2 1/2-1/2

[Event "ACL-A093"]
[Site "www.playchess.de"]
[Date "2001.03.19"]
[Round "14"]
[White "King_Kong"]
[Black "deepcover"]
[WhiteElo "1500"]
[BlackElo "1735"]
[PlyCount "48"]
[Result "0-1"]

1.Nc3 d5 2.e4 dxe4 3.Nxe4 Bf5 4.Ng5 Nc6 5.Bb5 Qd5 
6.Qe2 Qxg2 7.Bxc6+ Qxc6 8.Qf3 Qxf3 9.N1xf3 Bxc2 
10.Nd4 Bd3 11.Ngf3 O-O-O 12.Nb3 e5 13.Nxe5 Re8 
14.f4 f6 15.Nc5 Bxc5 16.a3 fxe5 17.f5 Ne7 18.Rf1 
Bxf1 19.Kxf1 Ref8 20.d4 Rxf5+ 21.Ke2 exd4 22.b4 
Bd6 23.Bd2 Rhf8 24.h4 R5f2+ 0-1

[Event "HCL-B176"]
[Site "www.playchess.de"]
[Date "2001.03.19"]
[Round "16"]
[White "scotland"]
[Black "rafita"]
[WhiteElo "1500"]
[BlackElo "1365"]
[PlyCount "64"]
[Result "0-1"]

1.e4 {Hello and Good Luck}  Nf6 {thanks, good luck 
to you too}  2.e5 Nd5 3.c4 Nb6 4.d4 d6 5.exd6 exd6 
6.h3 Be7 7.Nf3 Bf5 8.Nc3 O-O 9.Bd3 Bxd3 10.Qxd3 
{How are things in Mexico!}  Bf6 {fine, thx, well 
it depends. Isn't it late there?}  11.O-O 
{Yes,It's 0420 am here in Scotland.}  Nc6 {well, 
last night it was 10:30pm in Mexico and I was 
sleepy...}  12.Bf4 Re8 13.a3 a5 14.Rae1 Qd7 15.Re2 
Rxe2 16.Nxe2 Re8 17.b3 Ne7 18.d5 Qf5 {well, let's 
type something so that we don't have to see the 
same words all the time...}  19.Qxf5 {Yes,How long 
have you played chess?}  Nxf5 {since I was 8, I 
think, so that makes 24 years. But I took it up 
again less than a year ago.And you?}  20.Ng3 {I 
have been playing since I was 12 yrs old thats 30 
yrs ago!}  Nd4 {and where do you live in 
Scotland?}  21.Nxd4 {I live in Glasgow,do you live 
in Mexico City?}  Bxd4 {Yes, I do. Do all mexicans 
you know live here?}  22.Bd2 {You are the only 
Mexican I have contact with!}  a4 {well, one of 
every 5 Mexicans live in Mexico City...}  23.Ba5 
axb3 24.Bxb6 Bxb6 25.Rb1 b2 26.Rxb2 Re1+ 27.Kh2 
Rc1 28.Re2 Kf8 29.Re4 Bxf2 30.Nf5 g6 31.Re2 Bc5 
32.Ng3 Rxc4 0-1

[Event "HCL-B172"]
[Site "www.playchess.de"]
[Date "2001.03.19"]
[Round "15"]
[White "Michael"]
[Black "Nulnulnix"]
[WhiteElo "1200"]
[BlackElo "945"]
[PlyCount "36"]
[Result "0-1"]

1.c4 e5 2.Nc3 Nf6 3.d4 exd4 4.Qxd4 Nc6 5.Qe3+ Be7 
6.h4 Nb4 7.Qd2 d6 8.a3 Nc6 9.Nf3 Ng4 10.Ne4 Be6 
11.b3 d5 12.Neg5 dxc4 13.bxc4 Bxc4 14.Qc3 b5 
15.Qxg7 Bf6 16.Qxh8+ Bxh8 17.Rb1 Nd4 18.e3 
Nc2+ 0-1

[Event "ACL-A095"]
[Site "www.playchess.de"]
[Date "2001.03.19"]
[Round "6"]
[White "Argus"]
[Black "Edik"]
[WhiteElo "1500"]
[BlackElo "1618"]
[PlyCount "52"]
[Result "0-1"]

1.d4 Nf6 2.Nc3 d5 3.Bg5 h6 4.Bxf6 exf6 5.e4 Bb4 
6.Qd3 Bxc3+ 7.Qxc3 dxe4 8.f3 exf3 9.Nxf3 O-O 
10.O-O-O Bf5 11.Bd3 Bxd3 12.Qxd3 Nc6 13.h4 Re8 
14.g4 Qd5 15.b3 Nb4 16.Qc3 Nxa2+ 17.Kb2 Nxc3 
18.Kxc3 Re3+ 19.Rd3 Qxf3 20.Rxe3 Qxe3+ 21.Kb2 
Qxd4+ 22.Kb1 Re8 23.Rc1 Re6 24.c3 Qd3+ 25.Rc2 Re2 
26.Kc1 Qxc2+ 0-1

[Event "ACL-A095"]
[Site "www.playchess.de"]
[Date "2001.03.19"]
[Round "12"]
[White "radi2001"]
[Black "Stephen21"]
[WhiteElo "1500"]
[BlackElo "1699"]
[PlyCount "38"]
[Result "0-1"]

1.d4 d5 2.Nf3 Nc6 3.e3 e6 4.c4 Bb4+ 5.Bd2 Qe7 
6.Nc3 Nf6 7.cxd5 exd5 8.Bd3 Bg4 9.h3 Bxf3 10.Qxf3 
g6 11.O-O O-O 12.Rfd1 Rae8 13.Nxd5 Nxd5 14.Qxd5 
Bxd2 15.Rxd2 Qb4 16.Rad1 Red8 17.Qb5 b6 18.Qxc6 
Rdc8 19.Ba6 Rce8 0-1

[Event "HCL-B177"]
[Site "www.playchess.de"]
[Date "2001.03.19"]
[Round "6"]
[White "scradam"]
[Black "soymilk"]
[WhiteElo "1500"]
[BlackElo "1187"]
[PlyCount "41"]
[Result "1-0"]

1.e4 {hey!}  e6 {Hi! Where in Canada are you? I'm 
in Montreal.}  2.d4 {Hi, I live in London!}  d5 
{Have you been playing chess long?}  3.Nc3 {For 
about 5 years, and you?}  Bb4 {I've been playing 
for around 2 years.}  4.Bd3 dxe4 5.Bxe4 c5 6.Be3 
Bxc3+ 7.bxc3 Nf6 8.Bf3 c4 9.Rb1 Nd5 10.Bd2 Qa5 
11.Ne2 Qxa2 12.Nf4 Qa5 13.Qe2 Nxc3 14.Qxc4 Qa2 
15.Qxc8+ Ke7 16.Qxb7+ Nd7 17.Qb4+ Kf6 18.Bxc3 Rab8 
19.d5+ Kg5 20.Nh3+ Kg6 21.Qg4+ 1-0

[Event "HCL-C184"]
[Site "www.playchess.de"]
[Date "2001.03.19"]
[Round "17"]
[White "flywheel"]
[Black "man"]
[WhiteElo "1243"]
[BlackElo "1000"]
[PlyCount "33"]
[Result "1-0"]

1.e4 c6 2.Bc4 d5 3.exd5 cxd5 4.Bb5+ Bd7 5.Nc3 e6 
6.d4 Bb4 7.Bxd7+ Nxd7 8.Nf3 Ne7 9.Bg5 f6 10.Bh4 
Qa5 11.O-O Bxc3 12.bxc3 Qxc3 13.a4 Nf5 14.a5 Rc8 
15.Qb1 Rc7 16.Bg3 Nxg3 17.Re1 1-0

[Event "HCL-C184"]
[Site "www.playchess.de"]
[Date "2001.03.19"]
[Round "18"]
[White "man"]
[Black "patzer"]
[WhiteElo "1000"]
[BlackElo "715"]
[PlyCount "36"]
[Result "0-1"]

1.e4 c5 2.g3 g6 3.c3 Bg7 4.Nf3 Nf6 5.e5 Nd5 6.d4 
cxd4 7.cxd4 Nc6 8.Nc3 Nxc3 9.bxc3 Qa5 10.Qb3 O-O 
11.Bc4 d6 12.exd6 exd6 13.Ng5 Qf5 14.g4 Qf6 15.Ne4 
Qe7 16.Qc2 Bxg4 17.Rg1 Bf3 18.Bd5 
Bxe4 0-1

[Event "HCL-C184"]
[Site "www.playchess.de"]
[Date "2001.03.19"]
[Round "21"]
[White "ChessHammer"]
[Black "man"]
[WhiteElo "1071"]
[BlackElo "1000"]
[PlyCount "39"]
[Result "1-0"]

1.e4 c6 2.d4 d5 3.e5 Bf5 4.Nf3 f6 5.Nc3 e6 6.Be2 
Nd7 7.O-O Bb4 8.Bd2 fxe5 9.Nxe5 Ngf6 10.Bg5 O-O 
11.f4 Qa5 12.Qe1 Ne4 13.Nxd7 Nxc3 14.bxc3 Bxc3 
15.Qg3 Bxd4+ 16.Kh1 Bxa1 17.Nxf8 Qxa2 18.Nd7 Qxc2 
19.Bh5 Bd4 20.Ne5 1-0

[Event "HCL-B183"]
[Site "www.playchess.de"]
[Date "2001.03.19"]
[Round "3"]
[White "BlueKnight"]
[Black "sonnygarcia"]
[WhiteElo "1200"]
[BlackElo "1144"]
[PlyCount "74"]
[Result "0-1"]

1.e4 e6 2.d4 d5 3.Nc3 dxe4 4.Nxe4 Qd5 5.Qd3 Nd7 
6.Nf3 Ngf6 7.Nxf6+ Nxf6 8.Be2 b6 9.O-O Bb7 10.c4 
Qd7 11.Ne5 Qd8 12.Bg5 Be4 13.Bxf6 Bxd3 14.Bxd8 
Bxe2 15.Rfe1 Rxd8 16.Rxe2 Rxd4 17.a4 Bd6 18.Nc6 
Rxc4 19.Nxa7 O-O 20.Rd2 h6 21.b3 Rh4 22.g3 Rb4 
23.Rd3 f5 24.f4 g5 25.fxg5 hxg5 26.Ra2 Kg7 27.Nc6 
Rg4 28.Nd4 Bc5 29.Rad2 Rd8 30.Kg2 Rgxd4 31.b4 
R4xd3 32.Rxd3 Rxd3 33.bxc5 bxc5 34.a5 Ra3 35.h4 
gxh4 36.gxh4 c4 37.a6 c3 0-1

[Event "HCL-B183"]
[Site "www.playchess.de"]
[Date "2001.03.19"]
[Round "6"]
[White "sonnygarcia"]
[Black "Bauernopfer"]
[WhiteElo "1144"]
[BlackElo "1307"]
[PlyCount "66"]
[Result "0-1"]

1.e4 c5 2.f4 e6 3.Nf3 d5 4.exd5 exd5 5.d4 c4 6.b3 
cxb3 7.axb3 Bg4 8.Be2 Bb4+ 9.c3 Bd6 10.O-O Nf6 
11.Ne5 Bxe2 12.Qxe2 O-O 13.Ba3 Bxa3 14.Nxa3 Nc6 
15.Nb5 a6 16.Na3 Nxe5 17.fxe5 Ne4 18.Rac1 Qa5 
19.Nb1 Ng5 20.Nd2 h6 21.c4 dxc4 22.bxc4 Rac8 23.c5 
Rfd8 24.c6 bxc6 25.Nb3 Qd5 26.Qd3 Qb5 27.Qe3 Ne6 
28.Rfd1 a5 29.Nc5 Nxc5 30.Rxc5 Qxc5 31.dxc5 Rxd1+ 
32.Kf2 Rcd8 33.e6 R8d2+ 0-1

[Event "HCL-B185"]
[Site "www.playchess.de"]
[Date "2001.03.19"]
[Round "3"]
[White "quant"]
[Black "O_Man"]
[WhiteElo "1260"]
[BlackElo "1096"]
[PlyCount "130"]
[Result "1/2-1/2"]

1.e4 e6 2.d4 d5 3.Nd2 Nc6 4.Bb5 Bd7 5.Ngf3 Nf6 
6.e5 Ne4 7.Nxe4 dxe4 8.Ng5 f6 9.exf6 Qxf6 10.Nxe4 
Qxd4 11.Qxd4 Nxd4 12.Bxd7+ Kxd7 13.Kd1 Rd8 14.Bd2 
g6 15.c3 Nf5 16.Kc2 Kc8 17.Rad1 Be7 18.Rhe1 e5 
19.Bg5 Rhe8 20.Nf6 Rxd1 21.Kxd1 Rd8+ 22.Kc2 h6 
23.Rxe5 hxg5 24.Ne4 Bd6 25.Ra5 a6 26.Nxg5 Bxh2 
27.Nf3 Bd6 28.Ng5 Re8 29.Kd1 Bf4 30.Nh3 Re5 31.Ra4 
g5 32.g3 Rd5+ 33.Kc2 Bd2 34.Rg4 b5 35.Kb3 a5 36.f4 
gxf4 37.Nxf4 Bxf4 38.gxf4 Rd2 39.Rg5 Nd6 40.a3 Rf2 
41.f5 Nxf5 42.a4 c6 43.axb5 cxb5 44.Ka3 Nd6 45.b3 
Rf3 46.Kb2 Kc7 47.Re5 Kc6 48.Rg5 b4 49.cxb4 axb4 
50.Rh5 Rf2+ 51.Kb1 Nb7 52.Rh6+ Kd5 53.Rb6 Nc5 
{nice !}  54.Rxb4 {thanks}  Nd3 55.Rb8 Kd4 56.Rd8+ 
Kc3 57.Rc8+ Kxb3 58.Rb8+ Nb4 59.Kc1 Kc3 60.Rc8+ 
Kd3 61.Rd8+ Kc3 62.Rc8+ Kb3 63.Kd1 Ra2 64.Ke1 Nd5 
65.Rb8+ Kc4 {ok - I can't see how to win this} 
 1/2-1/2

[Event "HCL-B184"]
[Site "www.playchess.de"]
[Date "2001.03.19"]
[Round "14"]
[White "dg"]
[Black "German04"]
[WhiteElo "1076"]
[BlackElo "1222"]
[PlyCount "93"]
[Result "1-0"]

1.e4 e5 2.Nf3 Nc6 3.Bb5 a6 4.Bxc6 dxc6 5.d3 Nf6 
6.Nxe5 Bd6 7.Nf3 Bc5 8.Bg5 h6 9.Bxf6 Qxf6 10.c3 
O-O 11.O-O Qg6 12.Nh4 Qg5 13.g3 f5 14.exf5 Bxf5 
15.Nxf5 Rxf5 16.d4 Bb6 17.Na3 Raf8 18.Qc2 c5 
19.Nc4 Ba7 20.Qb3 Kh8 21.Qxb7 Bb8 22.Qxa6 cxd4 
23.cxd4 c5 24.dxc5 Rxc5 25.Ne3 h5 26.Nd1 h4 27.Nc3 
Qg4 28.Qa3 Rcf5 29.Qa4 Qg6 30.Qxh4+ Kg8 31.Rad1 
R5xf2 32.Rxf2 Ba7 33.Rdf1 Bxf2+ 34.Rxf2 Rxf2 
35.Kxf2 Qc2+ 36.Ne2 Qf5+ 37.Qf4 Qc5+ 38.Kf1 Qc2 
39.Qb8+ Kh7 40.a4 Qf5+ 41.Qf4 Qb1+ 42.Qc1 Qf5+ 
43.Nf4 Qa5 44.b3 Qa6+ 45.Qc4 Qd6 46.Qe4+ Kg8 
47.Qd5+ 1-0

[Event "HCL-B185"]
[Site "www.playchess.de"]
[Date "2001.03.19"]
[Round "9"]
[White "jack-up"]
[Black "O_Man"]
[WhiteElo "1543"]
[BlackElo "1096"]
[PlyCount "32"]
[Result "0-1"]

1.e4 {hello from venice, italy}  e5 {Greetings 
from Memphis, home of Elvis}  2.Bc4 {The GREAT 
Elvis}  Nc6 {absolutely!}  3.Nf3 Bc5 4.Nc3 d6 5.b3 
Bg4 6.h3 Bh5 7.g4 Bg6 8.Bb2 Nf6 9.Ng5 h6 10.Nf3 
Bxe4 11.Rg1 d5 12.Nxe4 Nxe4 13.d4 exd4 14.Bd3 O-O 
15.Qe2 Re8 16.Bxe4 Rxe4 0-1

[Event "HCL-B185"]
[Site "www.playchess.de"]
[Date "2001.03.19"]
[Round "12"]
[White "dakini"]
[Black "quant"]
[WhiteElo "1372"]
[BlackElo "1260"]
[PlyCount "98"]
[Result "1/2-1/2"]

1.e4 e5 2.Nf3 Nc6 3.Bc4 Nf6 4.Nc3 d6 5.d4 exd4 
6.Nxd4 Nxd4 7.Qxd4 Be7 8.e5 dxe5 9.Qxe5 O-O 10.Ne4 
Re8 11.O-O Nxe4 12.Qxe4 Bf6 13.Qd5 Be6 14.Qxd8 
Raxd8 15.Bxe6 Rxe6 16.Bf4 c5 17.g3 Bxb2 18.Rad1 
Bf6 19.Rxd8+ Bxd8 20.Rd1 Bf6 21.Bc7 g6 22.Bd8 Bxd8 
23.Rxd8+ Kg7 24.Rd7 Ra6 25.Rxb7 Rxa2 26.c3 Kf6 
27.Rc7 Ra5 28.Kg2 Ke6 29.f4 f5 30.Kf3 Kd5 31.g4 
Kc4 32.gxf5 gxf5 33.Rf7 Ra3 34.Rxf5 Rxc3+ 35.Kg4 
a5 36.Rf6 a4 37.Ra6 a3 38.f5 Kb5 39.f6 Rd3 40.Ra8 
Rd7 41.Rxa3 Kc6 42.Kg5 Kd6 43.Rd3+ {Do you think 
we can finish it now? ;-))}  Ke6 {i dont know}  
44.Rxd7 Kxd7 45.Kh6 c4 46.Kg7 c3 47.f7 c2 {it is 
draw}  48.f8Q {%}  c1Q {%}  49.Kxh7 
Qc2+ 1/2-1/2

[Event "HCL-B185"]
[Site "www.playchess.de"]
[Date "2001.03.19"]
[Round "15"]
[White "jack-up"]
[Black "dakini"]
[WhiteElo "1543"]
[BlackElo "1372"]
[PlyCount "42"]
[Result "0-1"]

1.e4 {hello from venice, italy}  e5 {Hi, I´m from 
Kassel. Venice ... nice!}  2.Bc4 {mmm now it is 
cold and foggy}  Nf6 3.Nc3 Nc6 4.Nf3 Bc5 5.Ng5 O-O 
6.Qf3 Nd4 7.Qd3 Ne6 8.h4 Ng4 9.O-O c6 10.Qh3 h5 
11.d3 Nxg5 12.hxg5 g6 13.Qf3 d5 14.exd5 cxd5 
15.Bxd5 Be6 16.Bxb7 Qc7 17.Qc6 Qxc6 18.Bxc6 Rac8 
19.Be4 f6 20.Bf3 fxg5 21.Bxg5 Bd4 0-1

[Event "HCL-C192"]
[Site "www.playchess.de"]
[Date "2001.03.19"]
[Round "5"]
[White "docdds"]
[Black "Hubb"]
[WhiteElo "1000"]
[BlackElo "1051"]
[PlyCount "44"]
[Result "0-1"]

1.d4 {hello}  Nf6 2.c4 e5 3.dxe5 Ng4 4.Nf3 Bc5 
5.e3 Nc6 6.Nd4 Ngxe5 7.a3 d5 8.cxd5 Qxd5 9.Nc3 Qd8 
10.Bb5 O-O 11.O-O Nxd4 12.exd4 Bxd4 13.h3 Be6 
14.Re1 c6 15.Ba4 Nd3 16.Re4 Bxf2+ 17.Kh1 Bc5 
18.Be3 Bxe3 19.Rxe3 Nf2+ 20.Kg1 Nxd1 21.Rxd1 Qb6 
22.Rdd3 Rad8 0-1